=LDR 00000nam 2200000 4500 =001 INLIS000000000032580 =005 20130612134600 =008 ***********************************ind** =035 ##$$0010-061300000032580 =041 ##$$a ind =082 ##$$a F Rom K =090 ##$$a F Rom K, Mar k =100 ##$$a MA'RIFAH, Mia =245 ##$$a Kecil-kecil punya karya, holidy in Amirica, Mia Ma'rifah ; Penyunting, Dadan Ramadhan =260 ##$$a 2009 $b Bandung =300 ##$$a 108 hlm,, illus, 20 cm =650 ##$$a Fiksi Kanak-kanak =700 ##$$a Ramadhan, Dadan =850 ##$$a NBPNMAT =990 ##$$a 1279312793 =990 ##$$a 01201712793